Panahon, kasaysayan, at lipunan IV : (Record no. 292117)
[ view plain ]
| 000 -LEADER | |
|---|---|
| fixed length control field | 00567nam a2200217Ia 4500 |
| 008 - FIXED-LENGTH DATA ELEMENTS--GENERAL INFORMATION | |
| fixed length control field | 160319s9999 xx 000 0 und d |
| 020 ## - INTERNATIONAL STANDARD BOOK NUMBER | |
| International Standard Book Number | 9714804981 |
| 050 ## - LIBRARY OF CONGRESS CALL NUMBER | |
| Classification number | 330 |
| 050 ## - LIBRARY OF CONGRESS CALL NUMBER | |
| Item number | M252p 2006 |
| 100 ## - MAIN ENTRY--PERSONAL NAME | |
| Personal name | Largoza, Gerardo. |
| 245 ## - TITLE STATEMENT | |
| Title | Panahon, kasaysayan, at lipunan IV : |
| 245 ## - TITLE STATEMENT | |
| Remainder of title | ekonomiks / |
| 245 ## - TITLE STATEMENT | |
| Statement of responsibility, etc | Gerardo Largoza. |
| 260 ## - PUBLICATION, DISTRIBUTION, ETC. (IMPRINT) | |
| Place of publication, distribution, etc | Makati City : |
| 260 ## - PUBLICATION, DISTRIBUTION, ETC. (IMPRINT) | |
| Name of publisher, distributor, etc | Diwa Textbooks. |
| 260 ## - PUBLICATION, DISTRIBUTION, ETC. (IMPRINT) | |
| Date of publication, distribution, etc | 2006 |
| 300 ## - PHYSICAL DESCRIPTION | |
| Extent | 314 pages : |
| 300 ## - PHYSICAL DESCRIPTION | |
| Other physical details | figs., graphs, pics |
| 500 ## - GENERAL NOTE | |
| General note | Includes index. |
| 650 ## - SUBJECT ADDED ENTRY--TOPICAL TERM | |
| Topical term or geographic name as entry element | Economics -- Philippines (Filipino) |
| Withdrawn status | Lost status | Damaged status | Home library | Current library | Shelving location | Date acquired | Total Checkouts | Full call number | Barcode | Date last seen | Price effective from | Koha item type |
|---|---|---|---|---|---|---|---|---|---|---|---|---|
| Stonyhurst Southville International School (Batangas) | Stonyhurst Southville International School (Batangas) | Filipiniana Section | 03/19/2016 | Fil 330 M252p 2006 | US 0147 | 03/19/2016 | 03/19/2016 | Books |